| 000 | 00587nam a22001697a 4500 | ||
|---|---|---|---|
| 008 | 160811b xxu||||| |||| 00| 0 eng d | ||
| 020 | _a0321178580 | ||
| 050 | _aHB 172.5.B334 2003 | ||
| 100 |
_aBade, Robin. _d2003 |
||
| 245 |
_aFoundations of macroeconomics / _cRobin Bade and Michael Parkin |
||
| 250 | _a2nd ed. | ||
| 260 |
_aBoston; _bPearson, _c2003. |
||
| 300 |
_axxxvii, 528(22) p. :ill. _bIncludes bibliographical references and index. |
||
| 650 | _aMacroeconomics. | ||
| 700 | _aParkin, Michael. | ||
| 942 |
_2ddc _cBOOKS _hHB 172.5.B334 2003 _01 |
||
| 999 |
_c13493 _d13493 |
||